Passage of liquids, vapors and dissolved materials through softwoods, (Record no. 10606)

MARC details
000 -LEADER
fixed length control field 00658cam a22002171 4500
001 - CONTROL NUMBER
control field agr47000111
003 - CONTROL NUMBER IDENTIFIER
control field DLC
005 - DATE AND TIME OF LATEST TRANSACTION
control field 20260227111006.0
008 - FIXED-LENGTH DATA ELEMENTS--GENERAL INFORMATION
fixed length control field 830331s1947 dcua 000 0 eng
010 ## - LIBRARY OF CONGRESS CONTROL NUMBER
LC control number agr47000111
035 ## - SYSTEM CONTROL NUMBER
System control number (OCoLC)16762760
040 ## - CATALOGING SOURCE
Original cataloging agency DLC
Transcribing agency OrPS
Modifying agency DLC
042 ## - AUTHENTICATION CODE
Authentication code premarc
050 00 - LIBRARY OF CONGRESS CALL NUMBER
Classification number S21
Item number .A72 no. 929
100 1# - MAIN ENTRY--PERSONAL NAME
Personal name Stamm, Alfred J.
Fuller form of name (Alfred Joaquim),
Dates associated with a name 1897-
245 10 - TITLE STATEMENT
Title Passage of liquids, vapors and dissolved materials through softwoods,
260 ## - PUBLICATION, DISTRIBUTION, ETC.
Place of publication, distribution, etc. Washington, D.C.,
Name of publisher, distributor, etc. United States Dept. of agriculture
Date of publication, distribution, etc. [1947]
300 ## - PHYSICAL DESCRIPTION
Extent 80 p.
Other physical details illus. (incl. diagrs.)
Dimensions 24 cm.
650 #0 - SUBJECT ADDED ENTRY--TOPICAL TERM
Topical term or geographic name entry element Wood.
650 #0 - SUBJECT ADDED ENTRY--TOPICAL TERM
Topical term or geographic name entry element Permeability.

No items available.

Powered by Koha